| 000 | 003820000a22001570004500 | ||
|---|---|---|---|
| 001 | 004813 | ||
| 003 | MACL | ||
| 040 | _aMACL | ||
| 090 |
_c16806 _d16805 |
||
| 100 | _aWilliam, Dalrymple | ||
| 245 |
_aThe Variety Of Absences _bThe collected Memories Of Dom Moraes _cDalrymple William |
||
| 260 |
_aPenguin Books, _c1992 |
||
| 350 | _a599 | ||
| 650 | _aHumankind | ||
| 942 |
_k128 _cBook |
||
| 999 |
_c16698 _d16698 |
||